000 00554nam a2200181Ia 4500
008 151018s9999 xx 000 0 und d
082 _bRBASDV26072
_a891.463
100 _aविनोद गायकवाड
245 _aकाळा डोह
250 _b1
260 _bएस के पब्लिशर्स
_c1994
300 _a152
600 _aविनोद गायकवाड
630 _aकाळा डोह
700 _aविनोद गायकवाड
730 _aकाळा डोह
942 _cBOOK
999 _c1025680
_d1025677